000 00670nam a2200253 i 4500
001 C2-0132606
003 PPAK
005 20180727123034.0
008 971022s1993 enka|||| ||||| | eng d
020 _a0140348093
040 _aPPAK
_beng
_cPPAK
_erda
082 0 4 _a823
_223
090 0 0 _a823
_bAHL
_dK
100 1 _aAhlberg, Janet,
_eauthor
245 1 4 _aThe bear nobody wanted
264 1 _aLondon :
_bPuffin Books ,
_c1993
300 _a141 pages :
_billustrations ;
_c20 cm
336 _2rdacontent
_atext
337 _2rdamedia
_aunmediated
338 _2rdacarrier
_avolume
650 1 0 _aChildren's stories, English
700 _eauthor
942 _ddc
_cB
999 _c41564
_d41564